[Event "Belgrade Premier League"]
[Site "Belgrade SCG"]
[Date "2005.10.07"]
[Round "7"]
[White "Stankovic,Milo"]
[Black "Lapcevic,M"]
[Result "0-1"]
[WhiteElo "2124"]
[BlackElo "2265"]

1.e4 c5 2.Nf3 e6 3.d4 cxd4 4.Nxd4 Nc6 5.Nc3 Qc7 6.Ndb5 Qb8 7.Be3 Nf6 8.f4 d6
9.Qf3 Be7 10.Bd3 Nb4 11.O-O Nxd3 12.cxd3 O-O 13.Rac1 Bd7 14.Nd4 b5 15.f5 e5
16.Nde2 b4 17.Nd1 d5 18.Nf2 dxe4 19.dxe4 Bb5 20.g4 Qb7 21.Rfe1 h6 22.g5 hxg5
23.Bxg5 Nh7 24.Bxe7 Qxe7 25.Kh1 Rfd8 26.Ng3 Rd2 27.Rg1 Qh4 28.Rc5 a6 29.Rc7 Nf6
30.Rgc1 Rad8 31.Rc8 Rxc8 32.Rxc8+ Kh7 33.Rc7 Qf4 34.Kg2 Ng4 35.Qxf4 exf4
36.Nh1 Ne5 37.Rc5 f6 38.b3 Rxa2  0-1

[Event "Veselin Boskovic Mem"]
[Site "Bijelo Polje SCG"]
[Date "2005.10.07"]
[Round "6"]
[White "Rmus,A"]
[Black "Parligras,M"]
[Result "1-0"]
[WhiteElo "2398"]
[BlackElo "2577"]

1.e4 c5 2.Nf3 Nc6 3.Nc3 e6 4.d4 cxd4 5.Nxd4 Qc7 6.Be2 a6 7.Be3 Nf6 8.a3 b5
9.Qd2 Bb7 10.f3 b4 11.axb4 Bxb4 12.Ra4 Nxd4 13.Rxb4 Nxe2 14.Bb6 Qc6 15.Nxe2 O-O
16.Nd4 Qc8 17.Nb3 a5 18.Nxa5 d5 19.O-O Ba6 20.Ra1 dxe4 21.fxe4 Rb8 22.Qf2 Nd7
23.c4 f5 24.exf5 Rxf5 25.Qe3 Ne5 26.Rd1 Nc6 27.Nxc6 Qxc6 28.c5 Rbf8 29.h3 Bb7
30.Rg4 h5 31.Rd6 Qc8 32.Rg6 Bd5 33.c6 Qa6 34.c7 Kh7 35.Rxg7+  1-0

[Event "Bygger'n Masters"]
[Site "Gausdal NOR"]
[Date "2005.10.07"]
[Round "7"]
[White "Hansen,TR"]
[Black "Nordstrom,F"]
[Result "1/2-1/2"]
[WhiteElo "2323"]
[BlackElo "2184"]

1.e4 c5 2.Nc3 Nc6 3.Nf3 e6 4.d4 cxd4 5.Nxd4 a6 6.Be3 Qc7 7.Bd3 Nf6 8.Qe2 Bd6
9.Nb3 b5 10.O-O-O Be5 11.g4 Bxc3 12.bxc3 d5 13.g5 Nxe4 14.Bxe4 dxe4 15.Bc5 Bb7
16.Bd6 Qb6 17.Nc5 O-O-O 18.Nxb7 Qxb7 19.Qxe4 Rd7 20.Bg3 Rhd8 21.Qxh7 g6 22.Qg7 Rxd1+
23.Rxd1 Rxd1+ 24.Kxd1 Qd7+ 25.Ke2 Kb7 26.Qf6 Kb6 27.h4 Na5 28.Qf4 Nc4 29.a4 e5
30.Qf6+ Ka5 31.axb5 axb5 32.Kf1 Qd1+ 33.Kg2 Qxc2 34.Qxf7 Qxc3 35.Qxg6 b4
36.h5 b3 37.h6 Qc2 38.Qf7 b2 39.h7 b1=Q 40.Qa7+ Kb5 41.Qb7+ Kc5 42.Qxb1 Qxb1
43.h8=Q Qe4+ 44.Kh2 Nd2 45.Qc8+ Kd4 46.Qd7+ Kc3 47.Qc7+ Kd3 48.Qd6+ Kc2 49.Kh3 Nf3
50.Qc7+ Kd3 51.Qd7+ Kc2 52.Qc8+ Kd3 53.Qa6+ Kc3 54.Qa1+ Kc2 55.Qa2+ Kc3 56.Qa3+ Kc2
57.Qe3 Ng1+ 58.Kh2 Nf3+ 59.Kh1 Nxg5+ 60.Qxe4+ Nxe4 61.Bxe5  1/2-1/2

[Event "Open A"]
[Site "Hamburg GER"]
[Date "2005.10.07"]
[Round "5"]
[White "Hector,J"]
[Black "Stanke,J"]
[Result "1/2-1/2"]
[WhiteElo "2509"]
[BlackElo "2334"]

1.e4 c5 2.Nf3 e6 3.d4 cxd4 4.Nxd4 Nc6 5.Nc3 Qc7 6.Be3 a6 7.Bd3 Nf6 8.O-O b5
9.Nxc6 Qxc6 10.f3 b4 11.Ne2 Bc5 12.Qd2 Qb6 13.Bxc5 Qxc5+ 14.Kh1 O-O 15.a3 bxa3
16.Rxa3 d5 17.e5 Nd7 18.f4 f6 19.Nd4 Qe7 20.Nc6 Qe8 21.Qb4 Rf7 22.c4 Nxe5
23.Nxe5 fxe5 24.fxe5 dxc4 25.Bxc4 Bb7 26.Qb6 Rxf1+ 27.Bxf1 Rb8 28.Qf2 Qh5
29.Qd4 Rf8 30.Kg1 Qg5 31.Qe3 Qf5 32.Ra1 Qc2 33.Qe2 Qc5+ 34.Kh1 Rf2 35.b4 Rxe2
36.bxc5 Rc2 37.Ra5 Kf7 38.Kg1 Ke7 39.g3 Kf7 40.Bd3 Rg2+ 41.Kf1 Rxh2 42.Ke1 Rg2
43.Bxa6 Bxa6 44.Rxa6 Rc2 45.Ra5 Kg6 46.Kd1 Rc4 47.Kd2 Kf5 48.Kd3 Rc1 49.Kd4 Rd1+
50.Kc4 Kxe5 51.Ra7 Rc1+ 52.Kb5 Rb1+ 53.Kc6 g5 54.Rxh7 Rb3 55.g4 Kf4 56.Rb7 Rd3
57.Rb4+ Kf3 58.Kb5 e5 59.c6 Rd8 60.c7 Rc8 61.Kc6 e4 62.Kd7 Rxc7+ 63.Kxc7 e3
64.Kd6 e2 65.Rb3+ Kf4 66.Rb4+ Kf3 67.Rb3+ Kf4 68.Rb4+ Kf3  1/2-1/2

[Event "5th ch-Asian"]
[Site "Hyderabad IND"]
[Date "2005.10.07"]
[Round "2"]
[White "Ramesh,R"]
[Black "Ni Hua"]
[Result "1/2-1/2"]
[WhiteElo "2487"]
[BlackElo "2603"]

1.e4 c5 2.Nf3 e6 3.d4 cxd4 4.Nxd4 Nc6 5.Nc3 Qc7 6.Be3 Nf6 7.Be2 a6 8.a3 Be7
9.O-O O-O 10.f4 d6 11.Qe1 Nxd4 12.Bxd4 e5 13.fxe5 dxe5 14.Qg3 Re8 15.Kh1 Bd8
16.Be3 Kh8 17.Rad1 Be6 18.h3 Be7 19.Kh2 Rad8 20.Bd4 Bd6 21.Be3 b5 22.Bg5 Be7
23.Bxf6 Bxf6 24.Bg4 Bg5 25.Qf2 Bc4 26.Be2 Be6 27.Bg4 Kg8 28.Bxe6 fxe6 29.Rxd8 Rxd8
30.Qe2 Bf4+ 31.Kh1 Qc4 32.Qf3 Rf8 33.g3 g6 34.Qg2 Bh6 35.Rxf8+ Bxf8 36.Qe2 Qd4
37.Qd3 Qxd3 38.cxd3 Kf7 39.Kg2 Ke7 40.Kf3 Bh6 41.Ne2 Kd6 42.b3 a5 43.d4 Bd2
44.Kf2 a4 45.b4 Bh6 46.Kf3 Bd2 47.Kf2 h5 48.h4 Bh6 49.Kf3 g5 50.hxg5 Bxg5
51.dxe5+ Kxe5 52.Nc3 Kd4 53.Nxb5+ Kc4 54.Nc7 Bc1 55.Nxe6 Bxa3 56.Nc5 Kxb4
57.Nxa4 Kxa4 58.g4  1/2-1/2

[Event "2nd Bundesliga West 2005-6"]
[Site "Austria AUT"]
[Date "2005.10.08"]
[Round "1"]
[White "Blaskowski,J"]
[Black "Dovzik,J"]
[Result "1-0"]
[WhiteElo "2366"]
[BlackElo "2405"]

1.e4 c5 2.Nf3 e6 3.d4 cxd4 4.Nxd4 Nc6 5.Nc3 Qc7 6.Be3 a6 7.Qd2 Nf6 8.f3 Bb4
9.a3 Be7 10.g4 d6 11.g5 Nd7 12.f4 b5 13.Bd3 Bb7 14.Nce2 Nc5 15.Ng3 O-O 16.b4 Nxd4
17.Bxd4 e5 18.Be3 exf4 19.Bxf4 Ne6 20.Be3 d5 21.exd5 Qe5 22.O-O Nxg5 23.Nf5 Rae8
24.Bxg5 Qxd5 25.Nxe7+ Rxe7 26.Bxh7+  1-0

[Event "FSIMA October"]
[Site "Budapest HUN"]
[Date "2005.10.08"]
[Round "8"]
[White "Tournier,P"]
[Black "Tavoularis,N"]
[Result "1/2-1/2"]
[WhiteElo "2164"]
[BlackElo "2211"]

1.e4 c5 2.Nf3 Nc6 3.Nc3 e6 4.d4 cxd4 5.Nxd4 Nf6 6.Ndb5 Bb4 7.a3 Bxc3+ 8.Nxc3 d5
9.exd5 exd5 10.Bd3 O-O 11.O-O d4 12.Ne2 Bg4 13.f3 Bh5 14.Bg5 Qd6 15.Qe1 Rfe8
16.Qf2 Rad8 17.Rad1 Bg6 18.Bxg6 hxg6 19.Rd2 Qe5 20.Bxf6 gxf6 21.Rfd1 Qa5
22.h3 Qb5 23.b3 Qc5 24.b4 Qg5 25.f4 Qf5 26.Nxd4 Nxd4 27.Rxd4 Rxd4 28.Rxd4 Rc8
29.g4 Qxc2 30.Rd8+ Kg7 31.Rxc8 Qxc8 32.Qxa7 Qc1+ 33.Kg2 Qxf4 34.Qxb7 Qd2+
35.Kg3 Qe1+ 36.Kh2 Qe5+ 37.Kg2 Qb2+ 38.Kg3 Qxa3+ 39.Kg2 Qb2+ 40.Kg3 Qe5+
41.Kg2 Qe2+ 42.Kg3 f5 43.gxf5 Qd3+ 44.Qf3 Qd6+ 45.Qf4 Qd3+ 46.Kh4 Qe2 47.f6+ Kh7
48.Kg3 Qe1+ 49.Kf3 Qf1+ 50.Kg3 Qe1+ 51.Kf3 Qf1+ 52.Kg3  1/2-1/2

[Event "Open A"]
[Site "Hamburg GER"]
[Date "2005.10.08"]
[Round "8"]
[White "Perunovic,Mil"]
[Black "Michna,C"]
[Result "1/2-1/2"]
[WhiteElo "2514"]
[BlackElo "2251"]

1.e4 c5 2.Nc3 e6 3.Nf3 Nc6 4.d4 cxd4 5.Nxd4 Nf6 6.Nxc6 bxc6 7.e5 Nd5 8.Ne4 c5
9.Be2 Bb7 10.O-O Qc7 11.Nd6+ Bxd6 12.exd6 Qc6 13.f3 c4 14.Qd4 O-O 15.Bxc4 Rfc8
16.b3 Qxd6 17.Bb2 e5 18.Qe4 Nb6 19.Qxe5 Qxe5 20.Bxe5  1/2-1/2

[Event "Open A"]
[Site "Hamburg GER"]
[Date "2005.10.08"]
[Round "8"]
[White "Helmich,J"]
[Black "Kroencke,M"]
[Result "0-1"]
[WhiteElo "1873"]
[BlackElo "2194"]

1.e4 c5 2.Nf3 e6 3.d4 cxd4 4.Nxd4 Nc6 5.Nc3 Qc7 6.Be2 a6 7.Be3 Nf6 8.O-O Bb4
9.Na4 O-O 10.Nxc6 bxc6 11.Nb6 Rb8 12.Nxc8 Rfxc8 13.Bxa6 Rf8 14.Bd3 Bd6 15.f4 e5
16.f5 Rxb2 17.Bg5 Be7 18.Bxf6 Bxf6 19.Rf3 Qa7+ 20.Kf1 Rxa2 21.Rxa2 Qxa2 22.Rh3 Rb8
23.Qh5 Rb1+ 24.Ke2 h6 25.g4 c5 26.Rg3 c4 27.g5 Bxg5 28.h4 cxd3+ 29.Kxd3 Qa6+
30.Kc3 Qc6+ 31.Kd3 Qd6+  0-1

[Event "Open A"]
[Site "Hamburg GER"]
[Date "2005.10.08"]
[Round "8"]
[White "Chevelevitch,E"]
[Black "Wendt,J"]
[Result "1/2-1/2"]
[WhiteElo "2417"]
[BlackElo "2331"]

1.e4 c5 2.Nf3 e6 3.d4 cxd4 4.Nxd4 Nc6 5.Nc3 Nf6 6.Ndb5 d6 7.a4 a6 8.Na3 d5
9.Bd3 Bb4 10.Bd2 O-O 11.O-O Re8 12.Re1 d4 13.Ne2 Bxd2 14.Qxd2 e5 15.Ng3 Be6
16.Nc4 Qc7 17.a5 Rad8 18.b3 h6 19.h3 Ne7 20.Nb6 Nd7 21.Nc4 Nf6 22.Nb6 Nd7
23.Nc4 f6  1/2-1/2

[Event "5th ch-Asian"]
[Site "Hyderabad IND"]
[Date "2005.10.08"]
[Round "3"]
[White "Saravanan,V1"]
[Black "Satyapragyan,S"]
[Result "0-1"]
[WhiteElo "2347"]
[BlackElo "2411"]

1.e4 c5 2.Nf3 e6 3.d4 cxd4 4.Nxd4 Nc6 5.Nc3 Qc7 6.Be3 a6 7.Bd3 Nf6 8.O-O Bd6
9.Nxc6 bxc6 10.f4 e5 11.f5 Be7 12.Qf3 Bb7 13.Bc4 O-O 14.Bg5 Rad8 15.Rad1 Kh8
16.Kh1 d6 17.Rd3 Rd7 18.Rfd1 Qd8 19.Qh3 Nh5 20.Qg4 Bxg5 21.Rg3 h6 22.h4 Bf6
23.Rh3 Qb6 24.Bb3 Rfd8 25.Rhd3 Qf2 26.g3 a5 27.R3d2 Qb6 28.Qxh5 Kg8 29.g4 Qe3
30.Rd3 Qf4 31.Rg1 a4 32.g5 hxg5 33.hxg5 Bxg5 34.Rxg5 axb3 35.Rh3 Kf8 36.axb3 c5
37.Rh4 Qe3 38.Rgg4 d5 39.Qh8+ Ke7 40.Qxg7 Kd6 41.Qh6+ Qxh6 42.Rxh6+ Ke7 43.exd5 Bxd5+
44.Nxd5+ Rxd5 45.Rc4 R8d6 46.Rh2 Rd1+ 47.Kg2 R6d2+ 48.Kg3 Rxh2 49.Kxh2 Kd6
50.Kg3 Kd5 51.Rc3 e4 52.Re3 Kd4 53.Re2 e3 54.Kf3 Rf1+ 55.Kg4 Rf2 56.Re1 Rxc2
57.Kg5 Rxb2 58.Kf6 Rf2 59.Kxf7 Rxf5+ 60.Ke6 Rh5  0-1

[Event "TCh-BEL 2005-6"]
[Site "Belgium BEL"]
[Date "2005.10.09"]
[Round "1"]
[White "Van Herck,M"]
[Black "Pucher,O"]
[Result "0-1"]
[WhiteElo "2171"]
[BlackElo "2279"]

1.e4 c5 2.Nf3 e6 3.d4 cxd4 4.Nxd4 Nc6 5.Nc3 Qc7 6.g3 a6 7.Bg2 d6 8.O-O Be7
9.Re1 Bd7 10.Nce2 Nf6 11.c4 Nxd4 12.Qxd4 b5 13.cxb5 axb5 14.Bd2 Bc6 15.b4 O-O
16.Bc3 Qb7 17.Nc1 e5 18.Qd3 Ra3 19.Nb3 Rfa8 20.Qc2 Bd8 21.Bb2 Rxa2 22.Na5 Rxa1
23.Rxa1 Bxa5 24.bxa5 Bxe4 25.a6 Qd5 26.Rd1 Bxc2 27.Bxd5 Rxa6 28.Rd2 Be4 29.Bxe4 Nxe4
30.Rd5 f6  0-1

[Event "Belgrade Premier League"]
[Site "Belgrade SCG"]
[Date "2005.10.09"]
[Round "9"]
[White "Stankovic,Milo"]
[Black "Andrijevic,M"]
[Result "0-1"]
[WhiteElo "2124"]
[BlackElo "2358"]

1.e4 c5 2.Nf3 Nc6 3.d4 cxd4 4.Nxd4 e6 5.Nc3 Qc7 6.Ndb5 Qb8 7.Be3 Nf6 8.f4 d6
9.Qf3 Be7 10.Bd3 O-O 11.O-O a6 12.Nd4 Nxd4 13.Bxd4 e5 14.Bb6 Bd7 15.Rae1 Bd8
16.Bf2 Ng4 17.Nd5 Nxf2 18.Qxf2 b5 19.Qg3 Be6 20.Kh1 Bxd5 21.exd5 Bf6 22.Qh3 g6
23.f5 Qd8 24.fxg6 hxg6 25.Re3 Qe7 26.Qg4 Bg7 27.Rg3 Rae8 28.Re1 Qb7 29.Rh3 Qe7
30.c3 e4 31.Bxe4 Qd8 32.Rf1 Re5 33.Bd3 Qe7 34.Qf3 Re1 35.a3 Qe5 36.Rxe1 Qxe1+
37.Qf1 Qd2 38.Rf3 Qxb2 39.c4 b4 40.axb4 Qxb4 41.h4 Re8 42.Kh2 Re7 43.h5 gxh5
44.Rg3 Kf8 45.Kh3 Re1  0-1

[Event "Belgrade Premier League"]
[Site "Belgrade SCG"]
[Date "2005.10.09"]
[Round "9"]
[White "Marinkovic,Sl"]
[Black "Krnic,Z"]
[Result "1/2-1/2"]
[WhiteElo "2409"]
[BlackElo "2369"]

1.e4 c5 2.Nf3 Nc6 3.d4 cxd4 4.Nxd4 e6 5.Nc3 a6 6.g3 Nxd4 7.Qxd4 Ne7 8.Bf4 f6
9.Qd2 Ng6 10.Bd6 Ne5 11.Be2 Bxd6 12.Qxd6 Nf7 13.Qd4 b6 14.O-O-O Rb8 15.f4 b5
16.Kb1 Bb7 17.Rhf1 Bc6 18.Bh5 g6 19.Bf3 b4 20.Ne2 e5 21.fxe5 fxe5 22.Qe3  1/2-1/2

[Event "Lichtenrader Autumn"]
[Site "Berlin GER"]
[Date "2005.10.09"]
[Round "9"]
[White "Hannebauer,T"]
[Black "Geller,J"]
[Result "1/2-1/2"]
[WhiteElo "2181"]
[BlackElo "2490"]

1.e4 c5 2.Nf3 e6 3.d4 cxd4 4.Nxd4 Nc6 5.Nc3 Qc7 6.Be3 a6 7.Qd2 Nf6 8.O-O-O Bb4
9.f3 Ne5 10.Nb3 b5 11.Qe1 Be7 12.f4 Ng6 13.e5 Ng4 14.Ne4 O-O 15.Nd6 f6 16.h3 Nxe3
17.Qxe3 Bb7 18.Nxb7 Qxb7 19.Bd3 Rac8 20.g4 Qc7 21.Bxg6 hxg6 22.Rh2 fxe5 23.fxe5 Bh4
24.Kb1 Rf7 25.a3 Kh7 26.Rhd2 Rcf8 27.Qc5 Qb7 28.Qd6 Qa7 29.Qc5 Qb7 30.Qd6 Bf2
31.Nc5 Bxc5 32.Qxc5 Rc8 33.Qe3 Rc4 34.Rf2 Rxf2 35.Qxf2 Qc7 36.Rd2 Kg8 37.Qe3 a5
38.Qg5 Re4 39.Qxg6 Rxe5 40.Qe8+ Kh7 41.Rd1 d6 42.h4 Qc4 43.g5 Qg4 44.Rd4 Qf3
45.Rd3 Qg4 46.Rd4 Qe2 47.Rd2 Qf3 48.Rd3 Qe2 49.Rd2 Qf3 50.Rd3  1/2-1/2

[Event "Bygger'n Masters"]
[Site "Gausdal NOR"]
[Date "2005.10.09"]
[Round "9"]
[White "Myhrvold,R"]
[Black "Thomassen,T"]
[Result "1-0"]
[WhiteElo "2164"]
[BlackElo "2077"]

1.e4 c5 2.Nf3 Nc6 3.Nc3 e6 4.d4 cxd4 5.Nxd4 Bc5 6.Nxc6 bxc6 7.Bd3 Ne7 8.O-O O-O
9.Qh5 Bd4 10.Ne2 g6 11.Qh4 Bg7 12.Bg5 f6 13.Be3 d5 14.Bc5 Qc7 15.Rfe1 Re8
16.Rad1 f5 17.exf5 Nxf5 18.Bxf5 exf5 19.Nd4 Bd7 20.f3 Re5 21.Rxe5 Qxe5 22.Re1 Qf6
23.Qf4 Rc8 24.c3 g5 25.Qd2 f4 26.Nb3 Bf5 27.Bxa7 Bf8 28.Bc5 Ra8 29.Bxf8 Qxf8
30.a3 Rb8 31.Nd4 Bd7 32.b4 Qd6 33.a4 c5 34.bxc5 Qxc5 35.h4 Rb3 36.Re5 Rxc3
37.Rxg5+ Kh8 38.Qxf4 Rc1+ 39.Kf2 Qe7 40.Qxc1  1-0

[Event "Open A"]
[Site "Hamburg GER"]
[Date "2005.10.09"]
[Round "9"]
[White "Baramidze,D"]
[Black "Maiwald,JU"]
[Result "1-0"]
[WhiteElo "2542"]
[BlackElo "2502"]

1.e4 c5 2.Nf3 e6 3.d4 cxd4 4.Nxd4 Nc6 5.Nc3 Qc7 6.Be3 a6 7.Be2 b5 8.Nxc6 dxc6
9.f4 Bb7 10.O-O Be7 11.Qe1 b4 12.Na4 c5 13.c3 Qa5 14.b3 Nf6 15.e5 Nd5 16.Bd2 Qd8
17.Rd1 bxc3 18.Bxc3 Qb8 19.f5 exf5 20.Bc4 Nxc3 21.Nxc3 g6 22.e6 f6 23.Rd7 Ra7
24.Qg3  1-0

[Event "TCh-FIN 2005-6"]
[Site "Vantaa FIN"]
[Date "2005.10.09"]
[Round "4"]
[White "Sepp,O"]
[Black "Kiik,K"]
[Result "1/2-1/2"]
[WhiteElo "2462"]
[BlackElo "2449"]

1.e4 c5 2.Nf3 e6 3.Nc3 Nc6 4.d4 cxd4 5.Nxd4 d6 6.Be3 Nf6 7.f4 Be7 8.Be2 O-O
9.O-O e5 10.Nb3 exf4 11.Bxf4 Be6 12.Kh1 d5 13.e5 Nd7 14.Nxd5 Ndxe5 15.c4 Bg5
16.Bg3 Bh4 17.Bf4 Bg5 18.Bg3 Bh4 19.Bf4  1/2-1/2

[Event "5th ch-Asian"]
[Site "Hyderabad IND"]
[Date "2005.10.10"]
[Round "5"]
[White "Iuldachev,S"]
[Black "Mahjoob,M"]
[Result "1/2-1/2"]
[WhiteElo "2543"]
[BlackElo "2418"]

1.e4 c5 2.Nf3 Nc6 3.Nc3 e6 4.d4 cxd4 5.Nxd4 a6 6.Nxc6 bxc6 7.Bd3 d5 8.O-O Nf6
9.Qe2 Be7 10.b3 O-O 11.Bb2 Bb7 12.Na4 c5 13.exd5 exd5 14.Rae1 Bd6 15.Qf3 Ne4
16.Bxe4 dxe4 17.Qg4 g6 18.Rd1 Qe7 19.Nb6 Rad8 20.Qh3 f6 21.c4 Bc7 22.Rd7 Rxd7
23.Nxd7 Bc8 24.Nxf6+ Qxf6 25.Qxc8 Bxh2+ 26.Kh1 Be5 27.Bxe5 Qxe5 28.Qd7 e3
29.Qd5+ Qxd5 30.cxd5 Rxf2 31.Re1 Rxa2 32.Rxe3 Rd2 33.Re6 a5 34.d6 Kf7 35.Re5 Rxd6
36.Rxc5 Rb6 37.Rxa5 Rxb3 38.Ra7+ Kg8 39.Kh2 Rb8 40.Rc7 Rf8 41.Ra7 Rf7 42.Ra6 Kg7
43.Rb6 h5 44.Ra6 Rf6 45.Ra5 Rf4 46.Rb5 Kh6 47.Ra5 Rh4+ 48.Kg1 Rb4 49.Kh2 Rf4
50.Rb5 Rf5 51.Rb6 Kg5 52.Kh3 Rc5 53.Ra6 Rc3+ 54.Kh2 h4 55.Ra5+ Kh6 56.Rb5 g5
57.Ra5 Re3 58.Ra6+ Kh5 59.Ra5 Re1 60.Rb5 Re4 61.Kh3 Kg6 62.Ra5 Re3+ 63.Kh2 g4
64.Ra8 Re2 65.Ra6+ Kf5 66.Ra5+ Kf4 67.Ra4+ Re4 68.Ra1 Rd4 69.Rb1 Ke3 70.Ra1 Re4
71.Ra8 Ke2 72.Rf8 Ke1 73.Kg1 g3 74.Rf1+ Ke2 75.Ra1 Rd4 76.Ra2+ Ke3 77.Ra1 Kf4
78.Rb1 Kg4 79.Rf1 h3 80.gxh3+ Kxh3 81.Rb1  1/2-1/2

[Event "Goodbye Summer Open"]
[Site "Omis CRO"]
[Date "2005.10.10"]
[Round "1"]
[White "Brkic,A"]
[Black "Kalajzic,I"]
[Result "1/2-1/2"]
[WhiteElo "2500"]
[BlackElo "2191"]

1.e4 c5 2.Nf3 e6 3.d4 cxd4 4.Nxd4 Nc6 5.Nc3 a6 6.Be2 Nge7 7.Bf4 Nxd4 8.Qxd4 Nc6
9.Qd2 Be7 10.O-O d6 11.Rad1 e5 12.Be3 Be6 13.Nd5 Bxd5 14.Qxd5 O-O 15.c3 Qc7
16.g3 Rad8 17.a4 Bf6 18.Bc4 Ne7 19.Qd3 Rc8 20.Bb3 Rfd8 21.Kg2 Rd7 22.Rd2 Rcd8
23.Bd5 Nxd5 24.Qxd5 Qc6 25.a5 Rc8 26.Rfd1 Bd8 27.Qxc6 Rxc6 28.Rd5 f6 29.f4 Re7
30.Kf3 Bc7 31.R1d3 g6 32.fxe5 fxe5 33.b3 Kf7 34.Bg5 Re8 35.Ke2 Ke6 36.Rf3 Bd8
37.Bd2 Be7 38.Kd3 Rcc8 39.Be3 Rf8 40.Rxf8 Rxf8 41.Ke2 Rc8 42.c4 Bd8 43.Bd2 Rc7
44.Bb4 Rd7 45.Rd1 Bc7 46.Bd2 Rf7 47.Ra1 Kd7 48.Be3 Kc6 49.b4 Rf8 50.Rd1 Rf6
51.Rd5 b6 52.axb6 Bxb6 53.Bxb6 Kxb6 54.c5+ dxc5 55.bxc5+ Kb5 56.Rxe5 Rc6
57.Kd3 Rxc5 58.Re7 h5 59.e5 a5 60.Kd4 a4 61.Rb7+ Kc6 62.Ra7 Rd5+ 63.Ke4 Rd2
64.Rxa4 Rxh2 65.Ra6+ Kd7 66.Rxg6 h4 67.g4 Re2+ 68.Kf5 Rf2+ 69.Kg5 h3 70.Rh6 h2
71.Rh5 Ke6 72.Kh6 Rf8 73.Kg7 Rf7+ 74.Kg6 Rf2 75.g5 Kxe5 76.Kh7 Rf5 77.Kh6 Kf4
78.Rxh2 Rxg5 79.Rf2+ Ke3 80.Kxg5 Kxf2  1/2-1/2

[Event "Goodbye Summer Open"]
[Site "Omis CRO"]
[Date "2005.10.10"]
[Round "1"]
[White "Krnic,I"]
[Black "Lalic,B"]
[Result "0-1"]
[WhiteElo "2156"]
[BlackElo "2490"]

1.e4 c5 2.Nf3 Nc6 3.Nc3 e6 4.d4 cxd4 5.Nxd4 Nf6 6.Be3 Bb4 7.Bd3 d5 8.O-O O-O
9.Nxc6 bxc6 10.e5 Nd7 11.Bf4 Re8 12.Bg3 Bf8 13.h4 Rb8 14.Rb1 Qa5 15.Qe2 a6
16.h5 c5 17.Qf3 g6 18.hxg6 hxg6 19.Rfe1 c4 20.Bf1 Bb7 21.Qg4 Ba8 22.Red1 Bg7
23.f4 d4 24.Rxd4 Rxb2 25.Rxd7 Rxb1 26.Nxb1 Qb6+ 27.Bf2 Qxb1 28.Qd1 Qxa2 29.Rd8 Bc6
30.Rxe8+ Bxe8 31.Qd8 Qa4 32.Qc8 Bf8 33.Qxc4 a5 34.Bd4 Qd7 35.Bc5 Bxc5+ 36.Qxc5 a4
37.Bd3 Qd5 38.Qb4 Bc6 39.Bf1 Kg7 40.Qc3 Bb5 41.Bxb5 Qxb5 42.Kf2 Qa6 43.Qa3 Qc4
44.Kf3 Qxc2 45.Qe7 Qd3+ 46.Kg4 a3 47.Qa7 Qe2+ 48.Kh3 a2 49.Qd4 Qf1 50.f5 Qxf5+  0-1

[Event "It B"]
[Site "Stepanakert ARM"]
[Date "2005.10.11"]
[Round "9"]
[White "Chibukhchian,A"]
[Black "Grigoriants,S RUS"]
[Result "0-1"]
[WhiteElo "2397"]
[BlackElo "2539"]

1.e4 c5 2.Nf3 e6 3.Nc3 Nc6 4.d4 cxd4 5.Nxd4 d6 6.g3 Nf6 7.Bg2 Bd7 8.Nb3 a6
9.a4 Qc7 10.a5 Ne5 11.O-O Nc4 12.g4 h6 13.f4 Be7 14.Qe2 Rc8 15.Kh1 O-O 16.g5 hxg5
17.fxg5 Nh7 18.Qh5 g6 19.Qg4 Kg7 20.h4 Qd8 21.Nd4 Nxa5 22.Qg3 Nc6 23.Nf3 Nb4
24.Bf4 e5 25.Nxe5 dxe5 26.Bxe5+ Kg8 27.Rad1 Qe8 28.h5 Rc5 29.Nd5 Nxd5 30.exd5 Rxc2
31.hxg6 fxg6 32.d6 Rxg2 33.Qb3+ Rf7 34.dxe7 Nxg5 35.Kxg2 Qxe7 36.Bf6 Qe4+
37.Kf2 Qh4+ 38.Kg1 Qg4+ 39.Kh2 Qe2+ 40.Kg1 Nh3+  0-1

[Event "Goodbye Summer Open"]
[Site "Omis CRO"]
[Date "2005.10.12"]
[Round "4"]
[White "Markovic,A"]
[Black "Brulic,D"]
[Result "1-0"]
[WhiteElo "2090"]
[BlackElo "2247"]

1.e4 c5 2.Nf3 e6 3.d4 cxd4 4.Nxd4 Nc6 5.Nc3 Qc7 6.Be3 Nf6 7.Ndb5 Qb8 8.a4 Bb4
9.Bd3 d5 10.exd5 Nxd5 11.Bd2 Nf4 12.Be4 a6 13.Qf3 axb5 14.Bxc6+ bxc6 15.Bxf4 Qb6
16.O-O Bb7 17.Qg3 O-O 18.Ne4 Kh8 19.c3 Be7 20.a5 Qa7 21.b4 c5 22.Nxc5 Bxc5
23.bxc5 Rfc8 24.Be3 Bc6 25.Rfd1 Rd8 26.Rd6 Qc7 27.a6 h6 28.Bd4 Rg8 29.Rxe6  1-0

[Event "12th Young Masters"]
[Site "Zug SUI"]
[Date "2005.10.13"]
[Round "6"]
[White "Seps,M"]
[Black "Kurmann,O"]
[Result "1-0"]
[WhiteElo "2200"]
[BlackElo "2287"]

1.e4 c5 2.Nf3 e6 3.d4 cxd4 4.Nxd4 Nc6 5.Nc3 a6 6.Nb3 Nf6 7.Bd3 b5 8.f4 d6
9.Qf3 Bb7 10.O-O Qc7 11.Bd2 Be7 12.Rae1 g6 13.Kh1 b4 14.Nd1 d5 15.e5 Nd7
16.c3 a5 17.Qe2 h5 18.Ne3 a4 19.Nd4 Nxd4 20.cxd4 Qb6 21.Rc1 Qxd4 22.Nf5 Qb6
23.Nxe7 Kxe7 24.Qe1 Kf8 25.Bxb4+ Kg7 26.f5 exf5 27.Bxf5 gxf5 28.Rxf5 Rh6
29.Bd6 Rg6 30.Qf1 d4 31.Rxf7+ Kh8 32.Rc2 Be4 33.Rxd7 Bxc2 34.Qf3 Rxg2 35.Qxa8+ Rg8
36.Qf3 Be4 37.Qxe4 Rg7 38.Qa8+ Kh7 39.Rxg7+ Kxg7 40.Qf8+ Kh7 41.Qf7+ Kh8
42.Qf6+ Kg8 43.Be7 Qb7+ 44.Kg1 Qe4 45.Qf8+ Kh7 46.Qf7+ Kh6 47.Bf8+ Kg5 48.Qf2 d3
49.Bc5 a3 50.b3 Kg6 51.Be3 Kh7 52.Qf4 Qg6+ 53.Kf2  1-0

[Event "5th ch-Asian"]
[Site "Hyderabad IND"]
[Date "2005.10.14"]
[Round "8"]
[White "Venkatesh,M"]
[Black "Kunte,A"]
[Result "0-1"]
[WhiteElo "2431"]
[BlackElo "2553"]

1.e4 c5 2.Nf3 e6 3.d4 cxd4 4.Nxd4 Nc6 5.Nc3 Qc7 6.Be2 a6 7.O-O Nf6 8.Be3 Be7
9.f4 d6 10.a4 O-O 11.Kh1 Re8 12.Bf3 Rb8 13.g4 Nd7 14.Bg2 b6 15.g5 Bb7 16.Qh5 Bf8
17.Rad1 Nxd4 18.Rxd4 g6 19.Qh4 Bg7 20.Rd3 Bc6 21.Rfd1 Bf8 22.Bf2 b5 23.axb5 axb5
24.Rh3 h6 25.gxh6 Kh7 26.Ne2 Be7 27.Qg3 Nf6 28.Qd3 Qb7 29.Ng3 Red8 30.Rg1 b4
31.Qe2 Qb5 32.Re1 Qxe2 33.Rxe2 Ra8 34.Nf1 Ra1 35.Kg1 d5 36.e5 Nh5 37.Be3 Bb5
38.Rf2 d4 39.Bd2 Bc5 40.Be4 d3 41.cxd3 Bxf2+ 42.Kxf2 f5 43.exf6 Nxf6 44.Bg2 Bxd3
45.Bxb4 Bxf1 46.Bxf1 Rd4 47.Ba3 Rxf4+  0-1

[Event "It"]
[Site "Platja de Muro ESP"]
[Date "2005.10.14"]
[Round "6"]
[White "Perez Candelario,Man"]
[Black "Rodriguez Guerrero,E"]
[Result "0-1"]
[WhiteElo "2522"]
[BlackElo "2464"]

1.e4 c5 2.Nf3 e6 3.d4 cxd4 4.Nxd4 Nc6 5.Nc3 Qc7 6.Be3 a6 7.Qd2 Nf6 8.O-O-O Bb4
9.f3 Ne5 10.Nb3 b5 11.Qe1 Be7 12.f4 Ng6 13.e5 Ng4 14.Ne4 O-O 15.Bd3 Bb7 16.Bd2 f5
17.exf6 Nxf6 18.Rf1 Rac8 19.g3 Nxe4 20.Bxe4 Qc4 21.Bxg6 hxg6 22.c3 Qa4 23.Be3 Qxa2
24.Rxd7 Be4 25.Bc5 Qb1+ 26.Kd2 Qc2+ 27.Ke3 Rxc5 28.Nd4 Qd3+ 29.Kf2 Rd5  0-1

[Event "TCh-CZE Extraliga 2005-6"]
[Site "Czech Rep CZE"]
[Date "2005.10.15"]
[Round "?"]
[White "Manik,M"]
[Black "Oral,T"]
[Result "1/2-1/2"]
[WhiteElo "2474"]
[BlackElo "2550"]

1.e4 c5 2.Nf3 e6 3.d4 cxd4 4.Nxd4 Nc6 5.Nc3 Qc7 6.Be3 a6 7.Qd2 Nf6 8.O-O-O b5
9.Nxc6 Qxc6 10.f3 Bb7 11.g4 b4 12.Ne2 d5 13.g5 Nd7 14.Nd4 Qc7 15.exd5 Bxd5
16.Kb1 Nb6 17.h4 Nc4 18.Bxc4 Qxc4 19.b3  1/2-1/2

[Event "5th ch-Asian"]
[Site "Hyderabad IND"]
[Date "2005.10.15"]
[Round "9"]
[White "Bakre,T"]
[Black "Grigoryan,K"]
[Result "1-0"]
[WhiteElo "2484"]
[BlackElo "2421"]

1.e4 c5 2.Nf3 e6 3.d4 cxd4 4.Nxd4 Nc6 5.Nc3 d6 6.Be2 Nf6 7.Be3 Be7 8.g4 d5
9.exd5 Nxd5 10.Nxd5 Qxd5 11.O-O Nxd4 12.Qxd4 Qxd4 13.Bxd4 Bf6 14.Rfd1 Bd7
15.Bf3 Rc8 16.c3 Bxd4 17.Rxd4 e5 18.Re1 f6 19.Bxb7 Rb8 20.Bg2 Rxb2 21.f4 Rb5
22.Bd5 Ke7 23.fxe5 fxe5 24.Rxe5+ Kf6 25.Re1 Re8 26.Rf1+ Ke5 27.Bb3 Bc6 28.Rf5+  1-0

[Event "Independence Day Women"]
[Site "Sheki AZE"]
[Date "2005.10.15"]
[Round "1"]
[White "Kovalevskaya,E"]
[Black "Javakhishvili,L"]
[Result "1/2-1/2"]
[WhiteElo "2457"]
[BlackElo "2410"]

1.e4 c5 2.Nc3 Nc6 3.Nf3 e6 4.d4 cxd4 5.Nxd4 Qc7 6.Be2 a6 7.O-O Nf6 8.Be3 Be7
9.f4 d6 10.a4 O-O 11.Kh1 Re8 12.Bf3 Bf8 13.Qd2 Na5 14.b3 Bd7 15.Nde2 Rad8
16.Qe1 Bc8 17.Qf2 Nd7 18.f5 Nc6 19.fxe6 fxe6 20.Bh5 Re7 21.Bg5 Nf6 22.Qh4 Ne5
23.Rxf6 gxf6 24.Bxf6 Rdd7 25.Bxe7 Rxe7 26.Rf1 b6 27.Qh3 Bg7 28.Nf4 Nf7 29.Nfe2 Ne5
30.Qe3 Bb7 31.Rd1 Nf7 32.Bg4 d5 33.Bh5 dxe4 34.Nxe4 Qxc2 35.N2g3 Bd5 36.Rc1 Qb2
37.Qf4 Nd6 38.Rf1 Bxe4 39.Nxe4 Nf5 40.Rd1 Bd4 41.Ng5 Qf2 42.Qxf2 Bxf2 43.Ne4 Bc5
44.g4 Ne3 45.Rd8+ Kg7 46.g5 Nd5 47.Be2 Rf7 48.Bc4 Rf4 49.Nxc5 bxc5 50.Bxd5 exd5
51.Rxd5 c4 52.bxc4 Rxc4 53.a5 Kg6 54.Kg2 Rg4+ 55.Kf3 Rxg5 56.Rd6+ Kh5 57.Rxa6 Rf5+
58.Kg3 Rc5 59.Kf4 Rc2 60.h3 Rc4+ 61.Kf5 Rc3 62.Re6 Rxh3 63.a6 Rf3+ 64.Ke4 Ra3
65.Kd4 Kg4 66.Kc4 h5 67.Kb4 Ra1 68.Rg6+ Kf3 69.Rf6+ Kg3 70.Rc6 Rxa6 71.Rxa6 h4
72.Kc3 h3 73.Rg6+ Kf2 74.Rh6 Kg2 75.Rg6+ Kf2 76.Kd2 h2 77.Rh6 Kg1 78.Rg6+  1/2-1/2

[Event "TCh-CZE Extraliga 2005-6"]
[Site "Czech Rep CZE"]
[Date "2005.10.16"]
[Round "2"]
[White "Macieja,B"]
[Black "Jansa,Vl"]
[Result "1-0"]
[WhiteElo "2592"]
[BlackElo "2518"]

1.e4 c5 2.Nf3 e6 3.d4 cxd4 4.Nxd4 Nc6 5.Nc3 a6 6.Be2 d6 7.Be3 Nf6 8.f4 Be7
9.g4 Nd7 10.g5 h6 11.g6 Bh4+ 12.Kf1 Nf8 13.gxf7+ Kxf7 14.Bf3 Nxd4 15.Qxd4 Bf6
16.Qd2 Bd7 17.Rd1 Rc8 18.Rg1 Bxc3 19.bxc3 Qa5 20.Qxd6 Rxc3 21.Bd4 Bb5+ 22.Kg2 Ng6
23.Bh5 Bc6 24.Bxg6+ Kxg6 25.Kh1+ Kh5 26.Qxe6  1-0